| 000 | 005410000a22002050004500 | ||
|---|---|---|---|
| 003 | LK-CoMWRAF | ||
| 005 | 20231004125448.0 | ||
| 008 | 230817t ||||| |||| 00| 0 eng d | ||
| 020 | _a9676519766 | ||
| 040 |
_aLK-CoMWRAF _dLK-CoMWRAF _eLK-CoMWRAF |
||
| 041 | _aeng | ||
| 082 |
_a297 _bWAD |
||
| 100 | _aWadud-Muhsin,Amina | ||
| 245 | _aQur'an and Woman | ||
| 260 |
_aKuala Lumpur : _bPenerbit Fajar Bakti Sdn.Bhd, _c1992 |
||
| 300 | _a118p | ||
| 650 | _aHuman Creation in the Qur'an | ||
| 650 | _aRights and Role of Women | ||
| 942 | _cBK | ||
| 999 |
_c317 _d317 |
||